| 000 | 01329nam a2200337Ia 4500 | ||
|---|---|---|---|
| 001 | ebr10167448 | ||
| 003 | CaPaEBR | ||
| 006 | m u | ||
| 007 | cr cn||||||||| | ||
| 008 | 060322s2006 nyu sb 001 0 eng d | ||
| 010 | _z 2006043253 | ||
| 020 | _z1403972729 (alk. paper) | ||
| 020 | _z1403972737 (alk. paper) | ||
| 040 |
_aCaPaEBR _cCaPaEBR |
||
| 035 | _a(OCoLC)191934956 | ||
| 050 | 1 | 4 |
_aBJ1278.F45 _bT69 2006eb |
| 082 | 0 | 4 |
_a170.82 _222 |
| 100 | 1 |
_aTownes, Emilie Maureen, _d1955- |
|
| 245 | 1 | 0 |
_aWomanist ethics and the cultural production of evil _h[electronic resource] / _cEmilie M. Townes. |
| 260 |
_aNew York : _bPalgrave Macmillan, _c2006. |
||
| 300 | _axv, 200 p. | ||
| 490 | 1 | _aBlack religion, womanist thought, social justice | |
| 504 | _aIncludes bibliographical references and index. | ||
| 533 |
_aElectronic reproduction. _bPalo Alto, Calif. : _cebrary, _d2009. _nAvailable via World Wide Web. _nAccess may be limited to ebrary affiliated libraries. |
||
| 650 | 0 | _aChristian ethics. | |
| 650 | 0 | _aWomanist theology. | |
| 655 | 7 |
_aElectronic books. _2local |
|
| 710 | 2 | _aebrary, Inc. | |
| 830 | 0 | _aBlack religion, womanist thought, social justice. | |
| 856 | 4 | 0 |
_uhttp://site.ebrary.com/lib/rucke/Doc?id=10167448 _zAn electronic book accessible through the World Wide Web; click to view |
| 999 |
_c246969 _d246969 |
||